Spätaussiedler im Strafvollzug: was ist zu tun

Saved in:  
Bibliographic Details
Main Author: Rosenfeld, Georg 1861-1934 (Author)
Format: Print Article
Language:German
Published: 2001
In: Arbeitshilfen für die Erwachsenenbildung
Year: 2001, Issue: 1/2, Pages: 32-35
Check availability: HBZ Gateway
Keywords:

MARC

LEADER 00000caa a22000002c 4500
001 1525912305
003 DE-627
005 20260225132302.0
007 tu
008 160223s2001 xx ||||| 00| ||ger c
035 |a (DE-627)1525912305 
035 |a (DE-576)455912300 
035 |a (DE-599)BSZ455912300 
040 |a DE-627  |b ger  |c DE-627  |e rakwb 
041 |a ger 
100 1 |a Rosenfeld, Georg  |d 1861-1934  |0 (DE-588)116623209  |0 (DE-627)07811036X  |0 (DE-576)173141641  |4 aut 
109 |a Rosenfeld, Georg 1861-1934  |a Rosenfeld, Georg Ernst 1861-1934  |a Rosenfeld 1861-1934 
245 1 0 |a Spätaussiedler im Strafvollzug  |b was ist zu tun  |c Georg Rosenfeld 
264 1 |c 2001 
336 |a Text  |b txt  |2 rdacontent 
337 |a ohne Hilfsmittel zu benutzen  |b n  |2 rdamedia 
338 |a Band  |b nc  |2 rdacarrier 
773 0 8 |i In  |t Arbeitshilfen für die Erwachsenenbildung  |d Villingen-Schwenningen : Neckar-Verl., 1996  |g (2001), 1/2, Seite 32-35  |w (DE-627)21157581X  |w (DE-600)1318458-1  |w (DE-576)05293781X  |x 1869-4144  |7 nnas 
773 1 8 |g year:2001  |g number:1/2  |g pages:32-35 
935 |a mkri 
951 |a AR 
ELC |b 1 
LOK |0 000 xxxxxcx a22 zn 4500 
LOK |0 001 2899387308 
LOK |0 003 DE-627 
LOK |0 004 1525912305 
LOK |0 005 20260225132255 
LOK |0 008 160208||||||||||||||||ger||||||| 
LOK |0 040   |a DE-21-110  |c DE-627  |d DE-21-110 
LOK |0 689   |a s  |a Strafvollzug 
LOK |0 689   |a s  |a Spätaussiedler 
LOK |0 852   |a DE-21-110 
LOK |0 852 1  |m p  |9 00 
LOK |0 935   |a k110 
LOK |0 938   |k p 
LOK |0 939   |a 08-02-16  |b l01 
ORI |a WA-MARC-krimdoka001.raw